000
00296nam a2200121Ia 4500
008
191201s2007 xx 000 0 und d
100
_a
TIWARI, Manoj
245
0
_a
Environmental Studies
260
_a
N. delhi
_b
I.K. International
_c
2007
300
_a
266
650
_a
Applied
942
_2
ddc
_c
BK
_0
4
999
_c
6606
_d
6606